<?xml version="1.0" encoding="UTF-8"?>
<record
    xmlns:xsi="http://www.w3.org/2001/XMLSchema-instance"
    xsi:schemaLocation="http://www.loc.gov/MARC21/slim http://www.loc.gov/standards/marcxml/schema/MARC21slim.xsd"
    xmlns="http://www.loc.gov/MARC21/slim">

  <leader>00714nam a22001577a 4500</leader>
  <controlfield tag="003">OSt</controlfield>
  <controlfield tag="005">20151027161638.0</controlfield>
  <controlfield tag="008">151027b        xxu||||| |||| 00| 0 eng d</controlfield>
  <datafield tag="040" ind1=" " ind2=" ">
    <subfield code="c">RUA</subfield>
  </datafield>
  <datafield tag="082" ind1=" " ind2=" ">
    <subfield code="a">VTF LON 2004 B114 Or.1</subfield>
  </datafield>
  <datafield tag="100" ind1=" " ind2=" ">
    <subfield code="9">2983</subfield>
    <subfield code="a">LONG, VICHETTRA.</subfield>
  </datafield>
  <datafield tag="245" ind1=" " ind2=" ">
    <subfield code="a">the effect of soybean bran used for piglet at takhmao district, kandal province (&#x17A5;&#x1791;&#x17D2;&#x1792;&#x17B7;&#x1796;&#x179B;&#x1793;&#x17C3;&#x1780;&#x17B6;&#x179A;&#x1794;&#x17D2;&#x179A;&#x17BE;&#x1794;&#x17D2;&#x179A;&#x17B6;&#x179F;&#x17CB;&#x1780;&#x1793;&#x17D2;&#x1791;&#x1780;&#x17CB;&#x179F;&#x178E;&#x17D2;&#x178F;&#x17C2;&#x1780;&#x179F;&#x17C0;&#x1784;&#x1791;&#x17C5;&#x179B;&#x17BE;&#x1780;&#x17BC;&#x1793;&#x1787;&#x17D2;&#x179A;&#x17BC;&#x1780;&#x1780;&#x17D2;&#x179A;&#x17C4;&#x1799;&#x1795;&#x17D2;&#x178F;&#x17B6;&#x1785;&#x17CB;&#x178A;&#x17C4;&#x17C7; &#x1793;&#x17C5;&#x179F;&#x17D2;&#x179A;&#x17BB;&#x1780;&#x178F;&#x17B6;&#x1781;&#x17D2;&#x1798;&#x17C5; &#x1781;&#x17C1;&#x178F;&#x17D2;&#x178F;&#x1780;&#x178E;&#x17D2;&#x178F;&#x17B6;&#x179B;)</subfield>
  </datafield>
  <datafield tag="260" ind1=" " ind2=" ">
    <subfield code="a">Phnom Penh</subfield>
    <subfield code="b">RUA</subfield>
    <subfield code="c">2004</subfield>
  </datafield>
  <datafield tag="300" ind1=" " ind2=" ">
    <subfield code="a">vii, 33p.</subfield>
    <subfield code="b">ill.</subfield>
    <subfield code="c">29cm.</subfield>
  </datafield>
  <datafield tag="942" ind1=" " ind2=" ">
    <subfield code="2">ddc</subfield>
    <subfield code="c">VTF`</subfield>
  </datafield>
  <datafield tag="999" ind1=" " ind2=" ">
    <subfield code="c">2798</subfield>
    <subfield code="d">2798</subfield>
  </datafield>
  <datafield tag="952" ind1=" " ind2=" ">
    <subfield code="0">0</subfield>
    <subfield code="1">0</subfield>
    <subfield code="2">ddc</subfield>
    <subfield code="4">0</subfield>
    <subfield code="6">VTF_LON_2004_000000000000000_B114_OR_1</subfield>
    <subfield code="7">0</subfield>
    <subfield code="9">13437</subfield>
    <subfield code="a">LBB</subfield>
    <subfield code="b">LBB</subfield>
    <subfield code="c">B114</subfield>
    <subfield code="d">2015-10-27</subfield>
    <subfield code="l">2</subfield>
    <subfield code="o">VTF LON 2004 B114 Or.1</subfield>
    <subfield code="p">RUA006744</subfield>
    <subfield code="r">2016-08-24</subfield>
    <subfield code="s">2016-08-09</subfield>
    <subfield code="w">2015-10-27</subfield>
    <subfield code="y">VTF`</subfield>
  </datafield>
  <datafield tag="952" ind1=" " ind2=" ">
    <subfield code="0">0</subfield>
    <subfield code="1">0</subfield>
    <subfield code="2">ddc</subfield>
    <subfield code="4">0</subfield>
    <subfield code="6">VTF_LON_2004_000000000000000_B114_OR_2</subfield>
    <subfield code="7">0</subfield>
    <subfield code="9">13438</subfield>
    <subfield code="a">LBB</subfield>
    <subfield code="b">LBB</subfield>
    <subfield code="c">B114</subfield>
    <subfield code="d">2015-10-27</subfield>
    <subfield code="o">VTF LON 2004 B114 Or.2</subfield>
    <subfield code="p">RUA006525</subfield>
    <subfield code="r">2015-10-27</subfield>
    <subfield code="w">2015-10-27</subfield>
    <subfield code="y">VTF`</subfield>
  </datafield>
  <datafield tag="952" ind1=" " ind2=" ">
    <subfield code="0">0</subfield>
    <subfield code="1">0</subfield>
    <subfield code="2">ddc</subfield>
    <subfield code="4">0</subfield>
    <subfield code="6">VTF_LON_2004_000000000000000_B114_OR_3</subfield>
    <subfield code="7">0</subfield>
    <subfield code="9">13439</subfield>
    <subfield code="a">LBB</subfield>
    <subfield code="b">LBB</subfield>
    <subfield code="c">B114</subfield>
    <subfield code="d">2015-10-27</subfield>
    <subfield code="l">1</subfield>
    <subfield code="o">VTF LON 2004 B114 Or.3</subfield>
    <subfield code="p">RUA006955</subfield>
    <subfield code="r">2023-12-25</subfield>
    <subfield code="s">2023-12-04</subfield>
    <subfield code="w">2015-10-27</subfield>
    <subfield code="y">VTF`</subfield>
  </datafield>
  <datafield tag="952" ind1=" " ind2=" ">
    <subfield code="0">0</subfield>
    <subfield code="1">0</subfield>
    <subfield code="2">ddc</subfield>
    <subfield code="4">0</subfield>
    <subfield code="6">VTF_LON_2004_000000000000000_B114_OR_4</subfield>
    <subfield code="7">0</subfield>
    <subfield code="9">13440</subfield>
    <subfield code="a">LBB</subfield>
    <subfield code="b">LBB</subfield>
    <subfield code="c">B114</subfield>
    <subfield code="d">2015-10-27</subfield>
    <subfield code="l">2</subfield>
    <subfield code="m">1</subfield>
    <subfield code="o">VTF LON 2004 B114 Or.4</subfield>
    <subfield code="p">RUA006838</subfield>
    <subfield code="r">2019-03-06</subfield>
    <subfield code="s">2019-03-04</subfield>
    <subfield code="w">2015-10-27</subfield>
    <subfield code="y">VTF`</subfield>
  </datafield>
  <datafield tag="952" ind1=" " ind2=" ">
    <subfield code="0">0</subfield>
    <subfield code="1">0</subfield>
    <subfield code="2">ddc</subfield>
    <subfield code="4">0</subfield>
    <subfield code="6">VTF_LON_2004_000000000000000_B114_OR_5</subfield>
    <subfield code="7">0</subfield>
    <subfield code="9">13441</subfield>
    <subfield code="a">LBB</subfield>
    <subfield code="b">LBB</subfield>
    <subfield code="c">B114</subfield>
    <subfield code="d">2015-10-27</subfield>
    <subfield code="o">VTF LON 2004 B114 Or.5</subfield>
    <subfield code="p">RUA006709</subfield>
    <subfield code="r">2015-10-27</subfield>
    <subfield code="w">2015-10-27</subfield>
    <subfield code="y">VTF`</subfield>
  </datafield>
</record>
